[Event "Bogota McGregor op 2nd"]
[Site "Bogota"]
[Date "2011.12.06"]
[Round "2"]
[White "Hernandez, Oscar Eduardo"]
[Black "Perez Olarte, Cesar Camilo"]
[Result "0-1"]
[WhiteElo "1960"]
[BlackElo "2246"]
[PlyCount "64"]
[EventDate "2011.12.06"]
[EventType "swiss"]
[EventRounds "10"]
[EventCountry "COL"]
[SourceTitle "CBM 145 Extra"]
[Source "ChessBase"]
[SourceDate "2012.01.03"]
[SourceVersion "1"]
[SourceVersionDate "2012.01.03"]
[SourceQuality "1"]

1. e4 c5 2. c3 d5 3. exd5 Qxd5 4. d4 e6 5. Nf3 Nf6 6. Be3 cxd4 7. cxd4 Nc6 8. Nc3 Qd6 9. h3 Be7 10. Bc4 0-0 11. 0-0 a6 12. a4 Nb4 13. Ne5 Nbd5 14. Qe2 b6 15. Bd3 Bb7 16. Ne4 Nxe4 17. Bxe4 Rac8 18. Rac1 Bf6 19. Rxc8 Rxc8 20. Bxh7+ Kf8 21. Qh5 Rc7 22. Bb1 Nxe3 23. fxe3 Qd5 24. Qf3 Bxe5 25. Qxd5 Bxd5 26. dxe5 Bb3 27. Bd3 a5 28. Bb5 Rc5 29. Rf4 Rxe5 30. Kf2 Rc5 31. Kg3 e5 32. Rf2 Bc4 0-1

[Event "Central America-ch U16"]
[Site "Medellin"]
[Date "2010.12.13"]
[Round "7"]
[White "Jaramillo Ochoa, Mateo"]
[Black "Hernandez, Oscar Eduardo"]
[Result "1/2-1/2"]
[WhiteElo "1955"]
[BlackElo "2025"]
[PlyCount "57"]
[EventDate "2010.12.09"]
[EventType "swiss"]
[EventRounds "7"]
[EventCountry "COL"]
[SourceTitle "EXT 2013"]
[Source "ChessBase"]
[SourceDate "2012.11.22"]
[SourceVersion "1"]
[SourceVersionDate "2012.11.22"]
[SourceQuality "1"]

1. e4 c5 2. Nf3 Nc6 3. d4 cxd4 4. Nxd4 g6 5. Nc3 Bg7 6. Be3 Nf6 7. Bc4 0-0 8. Bb3 Ng4 9. Qxg4 Nxd4 10. Qd1 Nxb3 11. axb3 a6 12. 0-0 d6 13. Bd4 e5 14. Be3 Be6 15. Nd5 Rc8 16. c4 f5 17. f3 fxe4 18. fxe4 Rxf1+ 19. Qxf1 Bxd5 20. cxd5 Qh4 21. Qd3 Bh6 22. Bf2 Qf4 23. g3 Rc1+ 24. Kg2 Qd2 25. Qxd2 Bxd2 26. Rxc1 Bxc1 27. Be1 Bxb2 28. Bb4 b5 29. Kf3 1/2-1/2